Name the Actor - Eastenders - Statistics

General Stats
  • This quiz has been taken 109 times
    104 since last reset
  • The average score is 29 of 68
Answer Stats
Hint Answer % Correct
Mick Carter Danny Dyer
93%
Phil Mitchell Steve McFadden
89%
Peggy Mitchell Barbara Windsor
88%
Grant Mitchell Ross Kemp
88%
Dot Branning June Brown
86%
Max Branning Jake Wood
82%
Stacey Slater Lacey Turner
79%
Ronnie Mitchell Samantha Womack
73%
Bianca Butcher Patsy Palmer
71%
Kat Slater Jessie Wallace
68%
Sharon Watts Letitia Dean
66%
Ricky Butcher Sid Owen
64%
Janine Butcher Charlie Brooks
63%
Billy Mitchell Perry Fenwick
63%
Linda Carter Kellie Bright
61%
Alfie Moon Shane Richie
61%
Jack Branning Scott Maslen
59%
Tiffany Butcher Maisie Smith
57%
Shirley Carter Linda Henry
55%
Roxy Mitchell Rita Simons
55%
Ian Beale Adam Woodyatt
54%
Freddie Slater Bobby Brazier
52%
Denise Fox Diane Parish
52%
Lauren Branning Jacqueline Jossa
52%
Sonia Jackson Natalie Cassidy
52%
Pat Butcher Pam St. Clements
52%
Honey Mitchell Emma Barton
50%
Mo Harris Laila Morse
50%
Tanya Branning Jo Joyner
48%
Whitney Dean Shona McGarty
48%
Patrick Trueman Rudolph Walker
46%
Lola Pearce Danielle Harold
43%
Ben Mitchell (2023) Max Bowden
43%
Nick Cotton John Altman
41%
Jane Beale Laurie Brett
41%
Jay Brown Jamie Borthwick
39%
Dawn Swann Kara Tointon
39%
Bradley Branning Charlie Clements
38%
Jean Slater Gillian Wright
38%
Martin Fowler (2023) James Bye
36%
Dotty Cotton (2023) Milly Zero
36%
Minty Peterson Cliff Parisi
34%
Stella Crawford Sophie Thompson
32%
Aunt Babe Annette Badland
30%
Eve Unwin Heather Peace
30%
Nancy Carter Maddy Hill
29%
Zack Hudson James Farrar
27%
Zainab Masood Nina Wadia
27%
Chelsea Fox (2023) Zaraah Abrahams
27%
Christian Clarke John Partridge
25%
Kim Fox Tameka Empson
25%
Suki Panesar Balvinder Sopal
23%
Heather Trott Cheryl Fergison
23%
Lucy Beale (2015) Hettie Bywater
23%
Carol Jackson Lindsay Coulson
23%
Abi Branning Lorna Fitzgerald
23%
Lee Carter Danny-Boy Hatchard
21%
Harvey Monroe Ross Boatman
21%
Cora Cross Ann Mitchell
20%
Ravi Gulati Aaron Thiara
18%
Bobby Beale (2023) Clay Milner-Russell
16%
Syed Masood Marc Elliot
16%
Nish Panesar Navin Chowdhry
16%
Tamwar Masood Himesh Patel
13%
Vinny Panesar Shiv Jalota
13%
Masood Ahmed Nitin Ganatra
9%
Shabnam Masood (2016) Rakhee Thakrar
9%
Charlie Cotton Declan Bennett
7%
No matching quizzes found
Score Distribution
Percent of People with Each Score
Percentile by Number Answered
Your Score History
You have not taken this quiz since the last reset